FIFA ranking: the 20 best nations (11/19/2025) - Statistics

General Stats
  • This quiz has been taken 36 times
  • The average score is 19 of 20
Answer Stats
Ranking Confederation Nation % Correct
2 CONMEBOL Argentina
100%
5 CONMEBOL Brazil
100%
4 UEFA England
100%
3 UEFA France
100%
6 UEFA Portugal
100%
1 UEFA Spain
100%
8 UEFA Belgium
97%
9 UEFA Germany
97%
12 UEFA Italy
97%
15 CONCACAF Mexico
97%
14 CONCACAF United States
97%
16 CONMEBOL Uruguay
97%
7 UEFA Netherlands
94%
17 UEFA Switzerland
94%
10 UEFA Croatia
91%
11 CAF Morocco
91%
13 CONMEBOL Colombia
88%
20 AFC Iran
88%
18 AFC Japan
88%
19 CAF Senegal
85%
No matching quizzes found
Score Distribution
Percent of People with Each Score
Percentile by Number Answered
Your Score History
You have not taken this quiz